| 000 | 00540nam a22001817a 4500 | ||
|---|---|---|---|
| 003 | OSt | ||
| 005 | 20140310182441.0 | ||
| 008 | 130803t xxu||||| |||| 00| 0 eng d | ||
| 020 | _a9718957006 | ||
| 050 |
_aPL 6061.2 _b.B928 2008 |
||
| 100 |
_aBuenaventura, Antonio _97314 |
||
| 245 |
_aIbong Adarna / _cAntonio Beunaventura |
||
| 260 |
_aQuezon City, Philippines : _bAklat ANI Publishing and Educational Trading Center, _cc2008. |
||
| 300 |
_a198 p. : _bill. ; _c220 p. |
||
| 541 | _j1 | ||
| 562 | _e1 | ||
| 942 |
_2lcc _cSSLC _kSSLC |
||
| 999 |
_c13529 _d13529 |
||